<?xml version="1.0" encoding="UTF-8"?>
<record
    xmlns:xsi="http://www.w3.org/2001/XMLSchema-instance"
    xsi:schemaLocation="http://www.loc.gov/MARC21/slim http://www.loc.gov/standards/marcxml/schema/MARC21slim.xsd"
    xmlns="http://www.loc.gov/MARC21/slim">

  <leader>00676    a2200145   4500</leader>
  <datafield tag="020" ind1=" " ind2=" ">
    <subfield code="a">8446014610</subfield>
  </datafield>
  <datafield tag="082" ind1=" " ind2=" ">
    <subfield code="a">701</subfield>
    <subfield code="b">D946a</subfield>
  </datafield>
  <datafield tag="100" ind1=" " ind2=" ">
    <subfield code="a">Duque, Felix</subfield>
    <subfield code="9">850</subfield>
  </datafield>
  <datafield tag="245" ind1=" " ind2=" ">
    <subfield code="a">Arte publico y espacio politico</subfield>
  </datafield>
  <datafield tag="260" ind1=" " ind2=" ">
    <subfield code="a">Espa&#x105;</subfield>
    <subfield code="b">Ediciones Akal</subfield>
    <subfield code="c">2001</subfield>
  </datafield>
  <datafield tag="300" ind1=" " ind2=" ">
    <subfield code="a">174 p</subfield>
    <subfield code="b">ill (col)</subfield>
    <subfield code="c">24 cm</subfield>
  </datafield>
  <datafield tag="505" ind1=" " ind2=" ">
    <subfield code="t">Agradecimientos</subfield>
    <subfield code="t">Capitulo 1. Controversia con Heidegger: El Arte Publico y el (Espacio) Politico</subfield>
    <subfield code="t">Capitulo 2. La tecnica como productora del mundo</subfield>
    <subfield code="t">Capitulo 3. El arte y el nacimiento del publico</subfield>
    <subfield code="t">Capitulo 4. El Arte Publico y la herida de la tierra</subfield>
    <subfield code="t">Bibliografia</subfield>
    <subfield code="t">Indice de ilustraciones</subfield>
  </datafield>
  <datafield tag="650" ind1=" " ind2=" ">
    <subfield code="a">estetica</subfield>
    <subfield code="x">arte </subfield>
    <subfield code="x">arte publico</subfield>
    <subfield code="x">arte y estado</subfield>
    <subfield code="9">851</subfield>
  </datafield>
  <datafield tag="700" ind1=" " ind2=" ">
    <subfield code="a">Felix Duque</subfield>
    <subfield code="9">852</subfield>
  </datafield>
  <datafield tag="999" ind1=" " ind2=" ">
    <subfield code="c">178</subfield>
    <subfield code="d">178</subfield>
  </datafield>
  <datafield tag="952" ind1=" " ind2=" ">
    <subfield code="0">0</subfield>
    <subfield code="1">0</subfield>
    <subfield code="2">ddc</subfield>
    <subfield code="4">0</subfield>
    <subfield code="7">0</subfield>
    <subfield code="a">LV</subfield>
    <subfield code="b">LV</subfield>
    <subfield code="c">Pensamiento</subfield>
    <subfield code="d">2014-05-26</subfield>
    <subfield code="l">0</subfield>
    <subfield code="o">701 D946a</subfield>
    <subfield code="p">000129</subfield>
    <subfield code="r">2014-05-26 00:00:00</subfield>
    <subfield code="w">2014-05-26</subfield>
    <subfield code="y">01</subfield>
  </datafield>
</record>
